Statistics for Red Hot Chili Peppers knowledge

Click here to take the quiz!

General Stats

  • This quiz has been taken 163 times
    (156 since last reset)
  • The average score is 11 of 15

Answer Stats

Question Answer % Correct
Who plays bass in the band?Flea
97%
When was Stadium Arcadium Released?2006
95%
For how many years was Cliff Martinez the bands drummer??Three
94%
Who is the lead singer?Anthony Kiedis
93%
How many grammy awards did RHCP win?Six
91%
How many prongs are in the RHCP logo?Eight
91%
When was the song 'Can't Stop' released?2002
86%
What was the album "One Hot Minute" peak position in the U.S. Billboard 200?Four
82%
What guitarist died in 1988?Hillel Slovak
76%
Where was the band formed?Los Angeles
73%
Other than the album "Stadium Arcadium" which album was the name Dani California mentioned?By The Way
72%
What album was released in 1985?Freaky Styley
64%
What month in 2003 did RHCP release their 'Greatest Hits' album?November
60%
What is the first song in the album 'Mother's Milk'?Good Time Boys
28%
What is the official name of the RHCP logo?Star of Infinity or Star of Affinity
6%

Score Distribution

Percentile by Number Answered

Percent of People with Each Score

Your Score History

You have not taken this quiz since the last reset